| 000 | 00367nam a2200157Ia 4500 | ||
|---|---|---|---|
| 005 | 20250423101611.0 | ||
| 008 | 250422s9999 xx 000 0 und d | ||
| 020 | _a978-07-110136-3 | ||
| 100 | _aNickels, William G. | ||
| 245 | 0 | _aUnderstanding business | |
| 250 | _a8th ed. | ||
| 260 | _aNew York | ||
| 260 | _bMCGraw-Hill Irwin | ||
| 260 | _c2008 | ||
| 942 | _cBK | ||
| 999 |
_c36725 _d36725 |
||